000 01035nam a2200181 i 4500
001 189267
003 ES-MaACL
005 20230906223431.0
008 190516q1874 fr |||| | fre d
245 0 0 _aBulletin international.
260 _a[Paris :
_bBulletin International,
_c1874?]
300 _aP. 57-72 ;
_c22 cm.
505 8 _aContiene: ;
_tBelgique: Modifications au régimen alimentaire des condamnés: Circulaire du Ministère de la Justice... 7 nov. 1874 /
_rT. de Lantsheere, Fromont. --
_tFrance. Direction de l'Administration Pénitentiaire: Grâces pour l'année 1874: Circulaire... /
_rJ. Jaillant. --
_tItalie... 16 sep. 1874: Ecoles pour les détenus dans les prisons: Circulaire... /
_rG. Cantell
650 4 _aEstablecimientos penitenciarios-
_zBélgica.
_9143325
650 4 _aEstablecimientos penitenciarios-
_zFrancia.
_9143319
650 4 _aEstablecimientos penitenciarios-
_zItalia.
_9141897
852 _aES-MaACL
_jD-221(18)
_z- Forma parte de la col. facticia: "Estudios penitenciarios"
_z. - Donativo Lastres
999 _c189267
_d189267